| 000 | 00779nam a22001577a 4500 | ||
|---|---|---|---|
| 003 | OSt | ||
| 005 | 20151005094104.0 | ||
| 008 | 151005b xxu||||| |||| 00| 0 eng d | ||
| 040 | _cRUA | ||
| 082 | _aAVM ENG 2002 B073 Or.1 | ||
| 100 |
_92022 _aENG, CHHEANGHONG. |
||
| 245 | _aEffect of cassava root in feed ingridient on weanig pig growth at saang district, kandal province (ឥទ្ធិពលនៃការប្រើប្រាស់មើមដំឡូងមីក្នុងចំណីផ្សំទៅលើការលូតលាស់របស់កូនជ្រូកផ្ដាច់ដោះនៅស្រុកស្អាងខេត្តកណ្ដាល) | ||
| 260 |
_aPhnom Penh _bRUA _c2002 |
||
| 300 |
_a42p. _bill. _c29cm. |
||
| 942 |
_2ddc _cAVM |
||
| 999 |
_c1911 _d1911 |
||